Statistics for 10 Largest Cities in Michigan's Upper Peninsula

Click here to take the quiz!

General Stats

  • This quiz has been taken 488 times
    (112 since last reset)
  • The average score is 6 of 10

Answer Stats

PopulationAnswer% Correct
20,629Marquette
94%
13,337Sault Ste. Marie
94%
8,386Houghton
80%
12,450Escanaba
73%
7,518Iron Mountain
65%
5,045Ironwood
54%
6,140Ishpeming
46%
8,488Menominee
46%
5,257Gladstone
30%
5,139Kingsford
18%

Score Distribution

Percentile by Number Answered

Percent of People with Each Score

Your Score History

You have not taken this quiz since the last reset